| 000 | 00712nab a2200193 4500 | ||
|---|---|---|---|
| 001 | 244442 | ||
| 003 | OSt | ||
| 005 | 20240910084739.0 | ||
| 007 | tu | ||
| 008 | 200917s2020||||||| | ||
| 040 |
_aDE-2950 _cDE-2950 |
||
| 245 | 0 | 0 |
_aSportprominenz feiert Sportschule _bJubiläum. 70 Jahre hat die Einrichtung in Frankfurt mittlerweile auf dem Buckel. Größen wie Manfred Kurzer, Maik Bullmann und Katrin Mietzner zelebrieren das bei einem Ball. Noch gibt es ein paar Restkarten/ _cLisa Larossa |
| 264 | _c2024 | ||
| 653 | _aFrankfurt (Oder) | ||
| 653 | _aSportschule | ||
| 653 | _aJubiläum | ||
| 773 | 0 |
_g35. Jahrgang (2024) Nr. 210 vom 07.09.2024, S. 19, mit Foto _tMärkische Oderzeitung |
|
| 942 |
_2z _cA |
||
| 999 |
_c373327 _d373327 |
||